Studies in developmental neurobiology : essays in honor of Viktor Hamburger /

Bibliographic Details
Other Authors: Hamburger, Viktor, 1900-2001, Cowan, W. Maxwell (William Maxwell), 1931-
Format: Book
Language:English
Published: New York : Oxford University Press, 1981.
Subjects:

MARC

Tag First Indicator Second Indicator Subfields
LEADER 00000pam a2200000 a 4500
001 in00000085017
005 20151008054442.0
008 801217s1981 nyua b 01100 engm
010 |a  80028232  
020 |a 0195029275 :  |c $45.00 
035 |a (OCoLC)07172356 
035 |9 AAJ0709AM 
040 |a DLC  |c DLC  |d m.c.  |d TXA  |d UtOrBLW 
049 |a TXAM  |c [1329220] 
050 0 0 |a QP363.5  |b .S88 
060 0 |a WL 101 S932 
082 0 |a 599.03/33  |2 19 
245 0 0 |a Studies in developmental neurobiology :  |b essays in honor of Viktor Hamburger /  |c edited by W. Maxwell Cowan. 
264 1 |a New York :  |b Oxford University Press,  |c 1981. 
300 |a xv, 454 pages :  |b illustrations ;  |c 25 cm. 
336 |a text  |b txt  |2 rdacontent 
337 |a unmediated  |b n  |2 rdamedia 
338 |a volume  |b nc  |2 rdacarrier 
504 |a Includes bibliographies and index. 
600 1 0 |a Hamburger, Viktor,  |d 1900-2001. 
650 0 |a Developmental neurobiology. 
650 0 |a Neurobiology. 
650 2 |a Nervous System  |x growth & development  |x Essays. 
650 2 |a Nervous System  |x embryology  |x Essays. 
700 1 |a Hamburger, Viktor,  |d 1900-2001. 
700 1 |a Cowan, W. Maxwell  |q (William Maxwell),  |d 1931- 
999 |a MARS 
999 f f |s 4670c161-c2cd-3854-b3d2-b6663bb08fd6  |i a4ae25ed-b906-34fd-86e4-848cf72ce00c  |t 0 
952 f f |p normal  |a Texas A&M University  |b College Station  |c Sterling C. Evans Library  |d Evans: Library Stacks  |t 0  |e QP363.5 .S88  |h Library of Congress classification  |i unmediated -- volume  |m A14806224227 
952 f f |p ric  |a Texas A&M University  |b Rellis Campus  |c Joint Library Facility  |d Remote Storage  |t 0  |e QP363.5 .S88  |h Library of Congress classification  |i unmediated -- volume  |m A14811004226 
998 f f |a QP363.5 .S88  |t 0  |l Remote Storage 
998 f f |a QP363.5 .S88  |t 0  |l Evans: Library Stacks